Statistics for Who Did That Multi-Platinum Album - 1980's

Click here to take the quiz!

General Stats

  • This quiz has been taken 665 times
  • The average score is 12 of 23

Answer Stats

Album TitleYearMusical Act% Correct
Thriller1982Michael Jackson
95%
Back In Black1980AC/DC
93%
Purple Rain1984Prince and the Revolution
92%
Born In The U.S.A.1984Bruce Springsteen
90%
Faith1987George Michael
76%
Slippery When Wet1986Bon Jovi
75%
Appetite for Destruction1987Guns N' Roses
74%
No Jacket Required1985Phil Collins
66%
Pyromania1983Def Leppard
61%
Hysteria1987Def Leppard
60%
1984 (MCMLXXXIV)1984Van Halen
52%
Eliminator1983ZZ Top
47%
A-------- Greatest Hits1980Aerosmith
45%
J------ Greatest Hits1988Journey
42%
K---- R----- Greatest Hits1980Kenny Rogers
36%
Legend1984Bob Marley & The Wailers
34%
W------ H------1985Whitney Houston
33%
Dirty Dancing1987Soundtrack (Various)
30%
The Best of T-- D----1985The Doors
29%
Greatest Hits, Vol. 21982Eagles
24%
Can't Slow Down1983Lionel Richie
21%
G---- B-----1989Garth Brooks
18%
Greatest Hits Volume I & Volume II1985Billy Joel
17%

Score Distribution

Percentile by Number Answered

Percent of People with Each Score

Your Score History

You have not taken this quiz